000 00551nam a22001817a 4500
005 20150915125008.0
010 _aENG-113925
020 _c200.00
_a9789350450765
035 _aEN-97457
037 _bDBAD/PUB
_adpl
082 _a881
100 _aRamkumar R. S.
245 _aBreeze-a love story /
_cby Ramkumar R.S.
260 _aCalcutta
_bWriters Workshop
_c2014
270 _a162/92, Lake Gardens,
_bCalcutta
_e700045
300 _a82p.
_c22cm(Hb)
942 _2ddc
_cEN
_mRAM
_h881
999 _c96538
_d96538